[Event "Int. Stuttgarter Stadtmeisterschaft A"]
[Site "Ditzingen"]
[Date "2013.05.09"]
[Round "2.6"]
[White "Schröder, Kevin"]
[Black "Manakov, Ilya"]
[Result "0-1"]
[WhiteElo "2046"]
[BlackElo "2350"]
[PlyCount "48"]
[EventDate "2013.??.??"]
[WhiteTeam "LSV Turm Lippstadt"]
[BlackTeam "SC Erdmannhausen"]

1. e4 c5 2. Nf3 Nc6 3. d4 cxd4 4. Nxd4 Nf6 5. Nc3 e5 6. Ndb5 d6 7. Bg5 a6 8.
Na3 b5 9. Nd5 Be7 10. Bxf6 Bxf6 11. c3 Bg5 12. Nc2 Ne7 13. h4 Bh6 14. Ncb4 O-O
15. g4 Bf4 16. g5 Be6 17. Bh3 a5 18. Nxf4 exf4 19. Nd3 d5 20. Bxe6 fxe6 21. Qg4
Qd6 22. e5 Qc6 23. Nxf4 Rf5 24. O-O Qc4 0-1

[Event "Int. Stuttgarter Stadtmeisterschaft A"]
[Site "Ditzingen"]
[Date "2013.05.09"]
[Round "2.7"]
[White "Wettengel, Alexander"]
[Black "Tuncer, Ufuk"]
[Result "0-1"]
[WhiteElo "2096"]
[BlackElo "2328"]
[PlyCount "80"]
[EventDate "2013.??.??"]
[WhiteTeam "Stuttgarter SF 1879"]
[BlackTeam "SC Bad Königshofen 1957"]

1. e4 c5 2. Nf3 d6 3. d4 Nf6 4. Nc3 cxd4 5. Nxd4 a6 6. Bg5 Nbd7 7. f4 Qc7 8.
Qf3 b5 9. O-O-O Bb7 10. Nd5 Nxd5 11. exd5 Rc8 12. Bd3 h6 13. Bh4 g5 14. fxg5
hxg5 15. Bg3 Qc5 16. Nf5 Qxd5 17. Be4 Qxe4 18. Nxd6+ exd6 19. Rde1 Rxc2+ 20.
Kd1 Rc4 21. Qf5 Be7 22. Rxe4 Bxe4 23. Qf2 Bc2+ 24. Kd2 Nc5 25. Re1 Bg6 26. Qf6
O-O 27. Rxe7 Ne4+ 28. Rxe4 Rxe4 29. h4 gxh4 30. Bf4 Re6 31. Qxh4 Rfe8 32. Bg5
Re5 33. Bf6 Rh5 34. Qd4 Be4 35. Qf2 Rd5+ 36. Bd4 Bg6 37. Qf6 Kf8 38. Kc3 a5 39.
Qh8+ Ke7 40. Bf6+ Kd7 0-1

[Event "Int. Stuttgarter Stadtmeisterschaft A"]
[Site "Ditzingen"]
[Date "2013.05.09"]
[Round "2.8"]
[White "Raupp, Thomas"]
[Black "Scheeff, Volker"]
[Result "1-0"]
[WhiteElo "2325"]
[BlackElo "2109"]
[PlyCount "143"]
[EventDate "2013.??.??"]
[WhiteTeam "SC Eppingen"]
[BlackTeam "SK Schmiden/Cannstatt"]

1. d4 d5 2. c4 c6 3. Nc3 Nf6 4. e3 Bf5 5. cxd5 cxd5 6. Qb3 e6 7. Qxb7 Nbd7 8.
Nf3 Bd6 9. Qc6 Be7 10. Ne5 O-O 11. Nxd7 Nxd7 12. Be2 Nb6 13. O-O Qb8 14. Ba6
Nc4 15. e4 Bg6 16. exd5 Na5 17. Qa4 Qb6 18. Be2 Rac8 19. dxe6 fxe6 20. Be3 Qxb2
21. Qxa5 Rxc3 22. Qa6 Qb6 23. Rfc1 Qxa6 24. Bxa6 Ra3 25. Bc4 Bf5 26. Bb3 Rd8
27. Rc6 Bf6 28. Rd1 Kf8 29. d5 Ra5 30. Bc5+ Be7 31. d6 Bf6 32. f3 h5 33. g3 Ke8
34. Kg2 e5 35. Rc7 Rd7 36. Rc8+ Rd8 37. Rc7 Rd7 38. Rc6 Rd8 39. Bb4 Rb5 40. a3
Rb7 41. Ra6 Bc8 42. Ra5 g5 43. Bd5 Rg7 44. Bc5 g4 45. Rxa7 Rxa7 46. Bxa7 Ba6
47. Bc6+ Kf7 48. fxg4 hxg4 49. d7 Rh8 50. Bb6 Bd8 51. Bxd8 Rxd8 52. Kf2 Ke7 53.
Ke3 Rh8 54. Ke4 Kd8 55. Kxe5 Rxh2 56. Rb1 Rd2 57. Rb8+ Kc7 58. d8=Q+ Rxd8 59.
Rxd8 Kxd8 60. Be4 Bc8 61. Kf4 Bd7 62. Bf5 Bc6 63. Ke5 Ke7 64. Bxg4 Ba4 65. Bf5
Kf7 66. g4 Kg7 67. g5 Bb5 68. Bc2 Ba6 69. a4 Kf7 70. a5 Kg7 71. Be4 Kf7 72. Kd6
1-0

[Event "Int. Stuttgarter Stadtmeisterschaft A"]
[Site "Ditzingen"]
[Date "2013.05.09"]
[Round "2.9"]
[White "Turski, Tomasz"]
[Black "Englert, Fabian"]
[Result "0-1"]
[WhiteElo "2042"]
[BlackElo "2244"]
[PlyCount "88"]
[EventDate "2013.??.??"]
[WhiteTeam "SC Ingersheim e.V."]
[BlackTeam "SK 1982 Klingenberg/Main"]

1. d4 d5 2. c4 dxc4 3. Nc3 Nf6 4. Bf4 c6 5. a4 Qa5 6. e3 Be6 7. Nf3 Nd5 8. Bxb8
Rxb8 9. Ne5 Nb6 10. Be2 g6 11. O-O Bg7 12. f4 O-O 13. Ne4 Nd7 14. Ng5 Nxe5 15.
Nxe6 fxe6 16. dxe5 Qc5 17. Qd4 Qxd4 18. exd4 Bh6 19. g3 g5 20. Bxc4 gxf4 21.
Bxe6+ Kg7 22. d5 cxd5 23. Bxd5 fxg3 24. hxg3 Be3+ 25. Kg2 Bd4 26. e6 Bxb2 27.
Rxf8 Rxf8 28. Rb1 Bd4 29. Rxb7 Rf2+ 30. Kh3 Kf6 31. Rb4 Rd2 32. Kg4 Be5 33. Be4
Rh2 34. Rb1 h5+ 35. Kf3 Bd4 36. Bd3 Kxe6 37. Ke4 Bc5 38. Kf3 Ke5 39. g4 Rh3+
40. Ke2 hxg4 41. Rb8 Rh2+ 42. Ke1 g3 43. Bf1 g2 44. Bxg2 Rxg2 0-1

[Event "Int. Stuttgarter Stadtmeisterschaft A"]
[Site "Ditzingen"]
[Date "2013.05.09"]
[Round "2.10"]
[White "Gheng, Josef"]
[Black "Zikeli, Saskia"]
[Result "1-0"]
[WhiteElo "2311"]
[BlackElo "2109"]
[PlyCount "73"]
[EventDate "2013.??.??"]
[WhiteTeam "SC Erdmannhausen"]
[BlackTeam "SC Ingersheim e.V."]

1. c4 Nf6 2. Nf3 g6 3. g3 Bg7 4. Bg2 d6 5. Nc3 O-O 6. d3 e5 7. O-O Nc6 8. Bg5
h6 9. Bxf6 Bxf6 10. Rb1 Bg7 11. b4 f5 12. Nd2 a6 13. a4 Ne7 14. a5 Rb8 15. Nd5
Be6 16. Nxe7+ Qxe7 17. b5 Qd7 18. Qc2 axb5 19. Rxb5 c6 20. Rb6 Ra8 21. Rfb1 Ra7
22. a6 Rxa6 23. Bxc6 Qc7 24. Rxa6 bxa6 25. Qa4 Bc8 26. Bd5+ Kh8 27. Nb3 Qa7 28.
Qc6 f4 29. gxf4 Qe7 30. c5 dxc5 31. Nxc5 exf4 32. Ne4 f3 33. exf3 Bf5 34. Qxa6
Be5 35. Ng3 Bxg3 36. hxg3 Qe2 37. Qa1+ 1-0

[Event "Int. Stuttgarter Stadtmeisterschaft A"]
[Site "Ditzingen"]
[Date "2013.05.09"]
[Round "2.11"]
[White "Kvetny, Mark"]
[Black "von Zimmermann, Georg"]
[Result "1-0"]
[WhiteElo "2269"]
[BlackElo "2070"]
[PlyCount "97"]
[EventDate "2013.??.??"]
[WhiteTeam "Stuttgarter SF 1879"]
[BlackTeam "MSA Zugzwang 82 e.V."]

1. d4 Nf6 2. c4 g6 3. Nc3 Bg7 4. e4 d6 5. Be2 O-O 6. Nf3 e5 7. Be3 Qe8 8. dxe5
Ng4 9. Bg5 h6 10. Bd2 Nxe5 11. O-O Nbd7 12. Nd4 Qd8 13. Be3 Nb6 14. b3 Kh7 15.
Qd2 Nc6 16. Rad1 Ne7 17. a4 Nd7 18. f4 Ng8 19. Bd3 Ngf6 20. Kh1 Ng4 21. Bg1
Nxh2 22. Bxh2 Bxd4 23. Nd5 Nf6 24. Bb1 c5 25. f5 Ng4 26. Qf4 Qh4 27. Rxd4 cxd4
28. Qxg4 Qxg4 29. Nf6+ Kg7 30. Nxg4 h5 31. Bxd6 hxg4 32. f6+ Kg8 33. Bxf8 Kxf8
34. Rd1 Be6 35. Rxd4 Ke8 36. Kg1 g3 37. Kf1 Rd8 38. Rxd8+ Kxd8 39. Ke2 Bg4+ 40.
Ke3 Bd1 41. Ba2 g5 42. b4 Bxa4 43. c5 Ke8 44. Bd5 b6 45. c6 a5 46. bxa5 bxa5
47. e5 Bd1 48. c7 Kd7 49. e6+ 1-0

[Event "Int. Stuttgarter Stadtmeisterschaft A"]
[Site "Ditzingen"]
[Date "2013.05.09"]
[Round "2.12"]
[White "Wedrychowski, Lukas"]
[Black "Kabisch, Thilo"]
[Result "0-1"]
[WhiteElo "1925"]
[BlackElo "2264"]
[PlyCount "156"]
[EventDate "2013.??.??"]
[WhiteTeam "SC Garching 1980 e.V."]
[BlackTeam "SK Schmiden/Cannstatt"]

1. d4 Nf6 2. c4 g6 3. Nc3 Bg7 4. e4 d6 5. Nf3 O-O 6. Be2 e5 7. O-O Nc6 8. d5
Ne7 9. Ne1 Ne8 10. Nd3 f5 11. Bd2 Nf6 12. f3 f4 13. g4 g5 14. c5 Ng6 15. Be1
Rf7 16. Rc1 Bf8 17. cxd6 Bxd6 18. h3 h5 19. Kg2 Rh7 20. Rh1 Bd7 21. Bf2 Qe7 22.
Qb3 b6 23. Nb5 Bxb5 24. Qxb5 Kf7 25. Qa6 Nh4+ 26. Bxh4 gxh4 27. Kf2 hxg4 28.
hxg4 h3 29. Rcg1 Bc5+ 30. Nxc5 Qxc5+ 31. Ke1 Kg6 32. Qc4 Qa5+ 33. Qc3 Rh4 34.
Qxa5 bxa5 35. Rh2 Rb8 36. Bf1 Nh7 37. Rc2 Rb7 38. Rh1 Ng5 39. Be2 Rh7 40. Bd1
Rd7 41. Rhh2 Rd6 42. Rc4 Rdb6 43. b3 Kf7 44. Rhc2 Ke8 45. Kf1 Kd8 46. Ra4 Rh6
47. Kg1 Rb5 48. Kh2 a6 49. Be2 Kc8 50. Rc3 Rb4 51. Rxa5 Rd4 52. Rc2 Kb7 53.
Rac5 Rh7 54. a3 Kb8 55. Rc6 Rg7 56. Rxa6 Rd3 57. Bxd3 Nxf3+ 58. Kxh3 Rh7+ 59.
Kg2 Ne1+ 60. Kg1 Nxd3 61. Rh2 Rg7 62. Rh4 Nc5 63. Rc6 Nxe4 64. Re6 Ng5 65. Re8+
Kb7 66. Kf2 e4 67. Rf8 Nf3 68. Rhh8 Rxg4 69. Rb8+ Ka6 70. Rbg8 Ne5 71. Rh6+ Kb5
72. Rb8+ Kc5 73. a4 e3+ 74. Kf1 f3 75. Rb5+ Kd4 76. Rb4+ Kd3 77. Rxg4 e2+ 78.
Ke1 f2+ 0-1

[Event "Int. Stuttgarter Stadtmeisterschaft A"]
[Site "Ditzingen"]
[Date "2013.05.09"]
[Round "2.13"]
[White "Wenninger, Philipp"]
[Black "Pfeifer, Wilfried"]
[Result "1-0"]
[WhiteElo "2220"]
[BlackElo "2050"]
[PlyCount "127"]
[EventDate "2013.??.??"]
[WhiteTeam "SC Erlangen 48/88 e.V."]
[BlackTeam "TSF Ditzingen"]

1. d4 f5 2. g3 Nf6 3. Bg2 d6 4. Nh3 e5 5. dxe5 dxe5 6. Qxd8+ Kxd8 7. Nc3 c6 8.
e4 Bb4 9. Bd2 Re8 10. O-O-O Bxc3 11. Bxc3+ Kc7 12. Rhe1 Nxe4 13. Bxe4 fxe4 14.
Ng5 Bg4 15. f3 Bh5 16. Rxe4 Nd7 17. g4 Bg6 18. Re3 h6 19. Nh3 Rf8 20. f4 Rae8
21. f5 Bf7 22. Rde1 Kd6 23. Nf2 Bd5 24. Nd3 Rf7 25. Bxe5+ Nxe5 26. Rxe5 Rxe5
27. Rxe5 Re7 28. Rxe7 Kxe7 29. Kd2 Kf6 30. Ke3 Kg5 31. h3 h5 32. Nf2 hxg4 33.
hxg4 Bxa2 34. Kf3 Bd5+ 35. Kg3 g6 36. fxg6 Kxg6 37. Kf4 a5 38. Nd3 b5 39. c3
Kf6 40. Nc5 b4 41. cxb4 axb4 42. Nd3 b3 43. Nc5 Kg6 44. Nd7 Bg2 45. Nc5 Bd5 46.
Nd3 Kf6 47. Nf2 Bg8 48. Ne4+ Ke6 49. g5 Bf7 50. Nd2 Kd5 51. Nxb3 Kc4 52. Na5+
Kb5 53. Nb7 Kb4 54. Nd8 Bh5 55. Nxc6+ Kb3 56. Ke5 Kxb2 57. Nd4 Kc3 58. Nf5 Kd3
59. Kf6 Be8 60. Ng7 Bc6 61. g6 Be4 62. Nf5 Bd5 63. Nd6 Be4 64. Nxe4 1-0

[Event "Int. Stuttgarter Stadtmeisterschaft A"]
[Site "Ditzingen"]
[Date "2013.05.09"]
[Round "2.14"]
[White "Vaysberg, Alexander"]
[Black "Büter, Norbert"]
[Result "1-0"]
[WhiteElo "2202"]
[BlackElo "2048"]
[PlyCount "43"]
[EventDate "2013.??.??"]
[WhiteTeam "SG Ludwigsburg 1919"]
[BlackTeam "SpVgg Rommelshausen"]

1. e4 d6 2. d4 g6 3. c4 Bg7 4. Nc3 Nc6 5. Be3 e5 6. Nge2 exd4 7. Nxd4 Nge7 8.
g3 O-O 9. Bg2 Ne5 10. Qe2 Bg4 11. f3 Bd7 12. O-O N7c6 13. Nxc6 Nxc6 14. Rad1 b6
15. Qd2 Be6 16. b3 a5 17. f4 Bg4 18. Rde1 Rb8 19. f5 gxf5 20. exf5 Nb4 21. h3
Qf6 22. Ne4 1-0

[Event "Int. Stuttgarter Stadtmeisterschaft A"]
[Site "Ditzingen"]
[Date "2013.05.09"]
[Round "2.15"]
[White "Koch, Martin"]
[Black "Aring, Gerd"]
[Result "0-1"]
[WhiteElo "1876"]
[BlackElo "2196"]
[PlyCount "84"]
[EventDate "2013.??.??"]
[WhiteTeam "SC Schachmatt Botnang"]
[BlackTeam "SV Nürtingen 1920"]

1. e4 c5 2. Nf3 Nc6 3. c3 Nf6 4. e5 Nd5 5. d4 cxd4 6. cxd4 d6 7. Bc4 Nb6 8. Bb3
dxe5 9. Nxe5 Nxe5 10. dxe5 Qxd1+ 11. Bxd1 Bd7 12. Nc3 Bc6 13. O-O e6 14. Be2
Bc5 15. Rd1 O-O 16. Kf1 h6 17. b3 Rac8 18. Bb2 a5 19. Bb5 Bxb5+ 20. Nxb5 Bxf2
21. Nd6 Rc2 22. Ba3 Nd5 23. Nc4 Rc8 24. Rd2 Rxd2 25. Nxd2 Bd4 26. Rc1 Rxc1+ 27.
Bxc1 Bxe5 28. Nc4 Bc7 29. g3 Kf8 30. Ba3+ Ke8 31. Bd6 Kd7 32. Bf8 b5 33. Na3
Bd6 34. Bxd6 Kxd6 35. Nxb5+ Kc5 36. Na3 Nc3 37. Nc4 a4 38. Ne5 a3 39. Nd3+ Kb5
40. Nc1 Kc5 41. Ke1 Kd4 42. Kd2 e5 0-1

[Event "Int. Stuttgarter Stadtmeisterschaft A"]
[Site "Ditzingen"]
[Date "2013.05.09"]
[Round "2.16"]
[White "Melzner, Lukas"]
[Black "Severin, Andreas"]
[Result "1/2-1/2"]
[WhiteElo "2189"]
[BlackElo "2035"]
[PlyCount "49"]
[EventDate "2013.??.??"]
[WhiteTeam "SK Klosterlechfeld"]
[BlackTeam "SV Reutlingen"]

1. c4 g6 2. g3 Bg7 3. Bg2 e5 4. Nc3 Ne7 5. e4 O-O 6. Nge2 c5 7. O-O Nbc6 8. a3
d6 9. d3 a6 10. Rb1 Rb8 11. b4 cxb4 12. axb4 b5 13. cxb5 axb5 14. Bg5 h6 15.
Be3 Be6 16. Qd2 Kh7 17. Nd5 Nd4 18. Bxd4 Bxd5 19. Be3 Be6 20. Rfd1 d5 21. d4
dxe4 22. Bxe4 Bf5 23. Bxf5 Nxf5 24. dxe5 Qxd2 25. Bxd2 1/2-1/2

[Event "Int. Stuttgarter Stadtmeisterschaft A"]
[Site "Ditzingen"]
[Date "2013.05.09"]
[Round "2.17"]
[White "Srokovskiy, Andrea"]
[Black "Krockenberger, Martin"]
[Result "0-1"]
[WhiteElo "1767"]
[BlackElo "2180"]
[PlyCount "70"]
[EventDate "2013.??.??"]
[WhiteTeam "OSG Baden-Baden"]
[BlackTeam "SK Schmiden/Cannstatt"]

1. d4 Nf6 2. c4 g6 3. Nc3 Bg7 4. e4 d6 5. f4 O-O 6. Nf3 c5 7. d5 e6 8. dxe6
fxe6 9. Bd3 Nc6 10. O-O Nd4 11. Bd2 Qe7 12. h3 Bd7 13. Qe1 a6 14. e5 Ne8 15.
Qe3 Nxf3+ 16. Rxf3 Bc6 17. Rff1 d5 18. Qe2 Nc7 19. a4 Rad8 20. a5 Rd7 21. Na4
dxc4 22. Bxc4 Nb5 23. Nb6 Rdd8 24. Rad1 Nd4 25. Qg4 Nf5 26. Bc1 Kh8 27. Kh2 Rd4
28. Rxd4 cxd4 29. Rd1 g5 30. g3 gxf4 31. Bxf4 Qc5 32. Bxe6 Ne3 33. Bxe3 dxe3
34. Bd5 e2 35. Qxe2 Rf2+ 0-1

[Event "Int. Stuttgarter Stadtmeisterschaft A"]
[Site "Ditzingen"]
[Date "2013.05.09"]
[Round "2.18"]
[White "Nabavi, Parwis"]
[Black "Jerie, Sven"]
[Result "1/2-1/2"]
[WhiteElo "2139"]
[BlackElo "2023"]
[PlyCount "27"]
[EventDate "2013.??.??"]
[WhiteTeam "SGEM Dreisamtal"]

1. d4 Nf6 2. c4 e6 3. Nf3 Bb4+ 4. Bd2 c5 5. Bxb4 cxb4 6. g3 O-O 7. Bg2 d6 8.
O-O Nc6 9. a3 bxa3 10. Rxa3 a5 11. Nbd2 e5 12. Qc2 Re8 13. e3 Bg4 14. Raa1
1/2-1/2

[Event "Int. Stuttgarter Stadtmeisterschaft A"]
[Site "Ditzingen"]
[Date "2013.05.09"]
[Round "2.19"]
[White "Andraschko, Felix"]
[Black "Hamm, Lukas"]
[Result "1/2-1/2"]
[WhiteElo "2128"]
[BlackElo "1890"]
[PlyCount "92"]
[EventDate "2013.??.??"]
[WhiteTeam "SK Landau"]
[BlackTeam "SV Stuttgart-Wolfbusch 1956 e.V."]

1. Nf3 d5 2. d4 Nf6 3. c4 e6 4. g3 Nbd7 5. Bg2 c6 6. Qc2 Bd6 7. O-O O-O 8. Nc3
Re8 9. Nd2 Nf8 10. e4 dxe4 11. Ndxe4 Nxe4 12. Nxe4 Qc7 13. c5 Be7 14. h4 e5 15.
dxe5 Qxe5 16. Bf4 Qf5 17. Qc3 Ng6 18. Nd6 Nxf4 19. Rae1 Qd7 20. Nxe8 Qxe8 21.
gxf4 Be6 22. h5 Qd7 23. b4 Bf6 24. Qc1 Bxa2 25. Qc2 Be6 26. Rd1 Bd5 27. f5 Rd8
28. Rfe1 Qc7 29. Bxd5 cxd5 30. Rxd5 h6 31. Rxd8+ Qxd8 32. Qe4 Qc7 33. Rc1 Qd7
34. Re1 Kh7 35. Kg2 Qd2 36. Re3 Qd7 37. Rd3 Qc7 38. Rd5 Qc6 39. Qc4 a6 40. Kg1
Qe8 41. Qd3 Qe1+ 42. Kg2 Qxb4 43. f3 Qf4 44. Qe4 Qc1 45. Qb4 Qe3 46. Qe4 Qc1
1/2-1/2

[Event "Int. Stuttgarter Stadtmeisterschaft A"]
[Site "Ditzingen"]
[Date "2013.05.09"]
[Round "2.20"]
[White "Neyman, Igor"]
[Black "Schulz, Jens Peter"]
[Result "1-0"]
[WhiteElo "2334"]
[BlackElo "1839"]
[PlyCount "61"]
[EventDate "2013.??.??"]
[WhiteTeam "Stuttgarter SF 1879"]
[BlackTeam "SV Dicker Turm Esslingen"]

1. d4 Nf6 2. c4 c5 3. d5 b5 4. cxb5 a6 5. f3 g6 6. e4 d6 7. a4 Bg7 8. Na3 O-O
9. Ne2 e6 10. dxe6 Bxe6 11. Nf4 d5 12. Be2 Qc7 13. O-O Rd8 14. Qc2 axb5 15.
Nxb5 Qb6 16. Nxe6 fxe6 17. Be3 d4 18. Bf2 Nc6 19. Bc4 Nb4 20. Qb3 Re8 21. Bg3
Na6 22. Bd6 Kh8 23. Bxe6 Rad8 24. e5 d3 25. Kh1 Nd7 26. a5 Qc6 27. Bd5 c4 28.
Bxc6 cxb3 29. f4 Re6 30. Bd5 Rxd6 31. Nxd6 1-0

[Event "Int. Stuttgarter Stadtmeisterschaft A"]
[Site "Ditzingen"]
[Date "2013.05.09"]
[Round "2.21"]
[White "Bergauz, Noam"]
[Black "Ortmann, David"]
[Result "1/2-1/2"]
[WhiteElo "1900"]
[BlackElo "2302"]
[PlyCount "82"]
[EventDate "2013.??.??"]
[WhiteTeam "SK München Südost e.V."]
[BlackTeam "SC Böblingen 1975 e.V."]

1. e4 c5 2. Nf3 a6 3. d4 cxd4 4. Nxd4 Nf6 5. Nc3 e5 6. Nde2 Bc5 7. h3 Qb6 8.
Be3 Bxe3 9. fxe3 Qxb2 10. g4 h6 11. Bg2 Qb6 12. Qd2 d6 13. O-O Be6 14. Rab1 Qc7
15. Rfd1 Nbd7 16. Qxd6 Qxd6 17. Rxd6 Ke7 18. Rd2 Nc5 19. Nd5+ Bxd5 20. exd5
Rhd8 21. c4 Rab8 22. Ng3 g6 23. Kf1 Ne8 24. Ne4 Nxe4 25. Bxe4 Nd6 26. Bd3 Rdc8
27. Rb4 Rc5 28. e4 Rbc8 29. Rc2 b5 30. Rc3 bxc4 31. Bc2 Nb5 32. Rf3 c3 33. Ra4
Nd4 34. Rf2 a5 35. Ke1 Rb8 36. Kd1 Rb2 37. Kc1 Rcb5 38. Rc4 Nxc2 39. Rc7+ Kd8
40. Rfxf7 Nd4 41. Rfd7+ Ke8 1/2-1/2

[Event "Int. Stuttgarter Stadtmeisterschaft A"]
[Site "Ditzingen"]
[Date "2013.05.09"]
[Round "2.22"]
[White "Kammer, Christoph"]
[Black "Löhr, Markus"]
[Result "1/2-1/2"]
[WhiteElo "1968"]
[BlackElo "2235"]
[PlyCount "50"]
[EventDate "2013.??.??"]
[WhiteTeam "TSV Nittenau"]
[BlackTeam "SK Schmiden/Cannstatt"]

1. e4 d5 2. exd5 Qxd5 3. Nc3 Qd6 4. d4 Nf6 5. Nf3 c6 6. g3 Bf5 7. Qe2 e6 8. Bf4
Qb4 9. O-O-O Be7 10. Bc7 Nd5 11. Nxd5 cxd5 12. c3 Qa4 13. Qb5+ Qxb5 14. Bxb5+
Nc6 15. Ne5 Rc8 16. Ba5 a6 17. Nxc6 bxc6 18. Ba4 O-O 19. f3 c5 20. Bb6 cxd4 21.
Bxd4 Bd6 22. Rhe1 Rc7 23. Bc2 Bxc2 24. Kxc2 Re8 25. Be5 Bxe5 1/2-1/2

[Event "Int. Stuttgarter Stadtmeisterschaft A"]
[Site "Ditzingen"]
[Date "2013.05.09"]
[Round "2.23"]
[White "Khadempour, Farhad"]
[Black "Schmidt, Tobias"]
[Result "1-0"]
[WhiteElo "2161"]
[BlackElo "1924"]
[PlyCount "79"]
[EventDate "2013.??.??"]
[WhiteTeam "SV Tübingen 1870 e.V."]
[BlackTeam "SC Tamm 74"]

1. c4 e5 2. Nc3 Nf6 3. Nf3 Nc6 4. e4 Bc5 5. Nxe5 Nxe5 6. d4 Bd6 7. c5 Bxc5 8.
dxe5 Ng8 9. Qg4 Kf8 10. Qf3 Ne7 11. Bc4 Qe8 12. Bf4 a6 13. O-O b5 14. Bb3 Bb7
15. Nd5 Bb6 16. Rad1 Ng6 17. Nxb6 cxb6 18. Bg3 Kg8 19. Rd6 Bc6 20. h4 Nf8 21.
Rfd1 h6 22. Qf5 g6 23. Qg4 Kh7 24. h5 Rg8 25. hxg6+ Rxg6 26. Qf5 Ne6 27. Bd5
Ng7 28. Qf3 Rxd6 29. exd6 Bxd5 30. Rxd5 Rc8 31. Re5 Ne6 32. Qf5+ Kg7 33. Bh4
Rc1+ 34. Kh2 Qg8 35. Qf6+ Kh7 36. Rf5 Nc5 37. Qe7 Kg6 38. Rf6+ Kg7 39. Qe5 Kh7
40. Qf4 1-0

[Event "Int. Stuttgarter Stadtmeisterschaft A"]
[Site "Ditzingen"]
[Date "2013.05.09"]
[Round "2.24"]
[White "Ivanov, Alexander"]
[Black "Baskin, Robert"]
[Result "0-1"]
[WhiteElo "1910"]
[BlackElo "2157"]
[PlyCount "82"]
[EventDate "2013.??.??"]
[WhiteTeam "SV Rottweil"]
[BlackTeam "SAbt TuS Makkabi Ffm"]

1. e4 c5 2. Nf3 d6 3. Bb5+ Bd7 4. Bxd7+ Qxd7 5. c4 Nc6 6. Nc3 Nf6 7. d4 cxd4 8.
Nxd4 e6 9. O-O Be7 10. f3 O-O 11. Be3 a6 12. Qe1 Rac8 13. b3 Rfe8 14. Nde2 Qc7
15. Rc1 Qa5 16. Bd2 Qd8 17. Kh1 Nd7 18. f4 Bf6 19. Qg3 Nc5 20. Be3 Qa5 21. f5
Be5 22. Qg4 Nd7 23. Bh6 g6 24. fxg6 hxg6 25. Rf3 Bg7 26. Bxg7 Kxg7 27. Rcf1
Nce5 28. Qg5 Rh8 29. Rg3 Qd8 30. Qxd8 Rcxd8 31. Nd4 Rh4 32. Nf3 Rh5 33. Rd1 Nf6
34. Rg5 Nfg4 35. Rxh5 Nf2+ 36. Kg1 Nxd1 37. Nxd1 Nxf3+ 38. gxf3 gxh5 39. Ne3 b5
40. cxb5 axb5 41. Kf2 Ra8 0-1

[Event "Int. Stuttgarter Stadtmeisterschaft A"]
[Site "Ditzingen"]
[Date "2013.05.09"]
[Round "2.25"]
[White "Bräuner, Uwe"]
[Black "Zeh, Rolf"]
[Result "1-0"]
[WhiteElo "2152"]
[BlackElo "1947"]
[PlyCount "67"]
[EventDate "2013.??.??"]
[WhiteTeam "SF Pfullingen"]
[BlackTeam "SV 23 Böckingen"]

1. d4 d5 2. Nf3 Nf6 3. c4 c6 4. Nc3 e6 5. Bg5 Be7 6. e3 O-O 7. Qc2 h6 8. Bh4
Nbd7 9. Rc1 a6 10. a3 dxc4 11. Bxc4 b5 12. Ba2 Bb7 13. O-O Rc8 14. Rfd1 c5 15.
dxc5 Rxc5 16. Bb1 Be4 17. Qe2 Bxb1 18. Rxb1 Nd5 19. Nxd5 exd5 20. Bxe7 Qxe7 21.
b4 Rc3 22. Rxd5 Rxa3 23. Qb2 Ra4 24. Nd4 Nf6 25. Rc5 g6 26. h3 Ne4 27. Rc6 Rd8
28. Qc2 Nf6 29. Rc5 Qe4 30. Qb3 Nd5 31. Nc6 Rd6 32. Rd1 Nf4 33. exf4 Rxc6 34.
Qc3 1-0

[Event "Int. Stuttgarter Stadtmeisterschaft A"]
[Site "Ditzingen"]
[Date "2013.05.09"]
[Round "2.26"]
[White "Bergner, Philipp"]
[Black "Scherer, Holger"]
[Result "0-1"]
[WhiteElo "1946"]
[BlackElo "2131"]
[PlyCount "82"]
[EventDate "2013.??.??"]
[WhiteTeam "Mönchfelder SV 1967"]
[BlackTeam "SK Lauffen"]

1. d4 Nf6 2. Nf3 g6 3. Nc3 d5 4. Bf4 Bg7 5. e3 O-O 6. Be2 c6 7. Ne5 Nbd7 8. h4
h5 9. Qd2 Nxe5 10. Bxe5 b5 11. f3 a5 12. Nd1 Nd7 13. Bxg7 Kxg7 14. Nf2 Qc7 15.
O-O-O Re8 16. g4 Nf6 17. e4 dxe4 18. Nxe4 Nxe4 19. fxe4 Bxg4 20. Bxg4 hxg4 21.
h5 Rh8 22. Qg5 Rh6 23. Qxg4 Rah8 24. Rdg1 Qd6 25. e5 Qd5 26. Kb1 b4 27. Qg5 Qe6
28. Rh2 a4 29. Rgh1 a3 30. hxg6 Qxg6 31. Qxg6+ fxg6 32. Rxh6 Rxh6 33. Rxh6 Kxh6
34. bxa3 bxa3 35. c4 Kg5 36. Kc2 Kf5 37. Kd3 g5 38. Ke3 g4 39. c5 e6 40. Kd3 g3
41. Ke3 g2 0-1

[Event "Int. Stuttgarter Stadtmeisterschaft A"]
[Site "Ditzingen"]
[Date "2013.05.09"]
[Round "2.27"]
[White "Scharping, Hans-Martin"]
[Black "Walliser, Holger"]
[Result "1/2-1/2"]
[WhiteElo "2120"]
[BlackElo "1942"]
[PlyCount "54"]
[EventDate "2013.??.??"]
[WhiteTeam "SC Pforzheim 1906"]
[BlackTeam "SK Sontheim/Brenz e.V."]

1. e4 c5 2. Nf3 d6 3. Nc3 Nf6 4. d4 cxd4 5. Nxd4 g6 6. Be3 Bg7 7. f3 O-O 8. Bc4
Nc6 9. Qd2 Bd7 10. O-O-O Qa5 11. Nd5 Qxd2+ 12. Rxd2 Nxd5 13. Bxd5 Nxd4 14. Bxd4
Bh6 15. Bxb7 Rab8 16. Bd5 a5 17. a3 Be6 18. Kd1 Bxd2 19. Kxd2 Bxd5 20. exd5 e5
21. dxe6 fxe6 22. Re1 Kf7 23. Re4 Ke7 24. c4 Rfc8 25. Bc3 a4 26. f4 Rc6 27. g4
Kd7 1/2-1/2

[Event "Int. Stuttgarter Stadtmeisterschaft A"]
[Site "Ditzingen"]
[Date "2013.05.09"]
[Round "2.28"]
[White "Keller, Harald"]
[Black "Felser, Martin"]
[Result "1-0"]
[WhiteElo "2049"]
[BlackElo "1880"]
[PlyCount "79"]
[EventDate "2013.??.??"]
[WhiteTeam "SV Rottweil"]
[BlackTeam "SK Marktoberdorf"]

1. e4 c5 2. Nc3 d6 3. g3 Nf6 4. Bg2 g6 5. f4 Nc6 6. Nf3 Bg7 7. O-O O-O 8. h3 e6
9. d3 a6 10. g4 Qc7 11. Ne2 b5 12. Ng3 Bb7 13. g5 Nd7 14. h4 f5 15. gxf6 Nxf6
16. h5 Nxh5 17. Nxh5 gxh5 18. Ng5 Rae8 19. f5 Bd4+ 20. Kh1 exf5 21. exf5 Nd8
22. Qxh5 Bxg2+ 23. Kxg2 Qb7+ 24. Kh3 Qd7 25. Ne4 Kh8 26. c3 Be5 27. Bh6 Rg8 28.
Rg1 Nf7 29. Rxg8+ Rxg8 30. Rf1 Nxh6 31. Qxh6 Rg6 32. Qh5 Bg7 33. Qf3 Rh6+ 34.
Kg2 Be5 35. Kf2 Qg7 36. Rg1 Rh2+ 37. Kf1 Qh6 38. Ng5 Qf6 39. Qa8+ Kg7 40. Ne4+
1-0

[Event "Int. Stuttgarter Stadtmeisterschaft A"]
[Site "Ditzingen"]
[Date "2013.05.09"]
[Round "2.29"]
[White "Dobosz, Henryk"]
[Black "Süß, Stefan"]
[Result "1-0"]
[WhiteElo "2374"]
[BlackElo "1826"]
[PlyCount "105"]
[EventDate "2013.??.??"]
[WhiteTeam "BG Buchen"]
[BlackTeam "Mosbacher SC von 1931"]

1. c4 Nf6 2. Nc3 g6 3. e4 d6 4. d4 Bg7 5. h3 O-O 6. Bg5 Nbd7 7. Nf3 e5 8. d5 h6
9. Be3 a5 10. Be2 b6 11. Nd2 Bb7 12. h4 Nh7 13. h5 g5 14. g4 Nc5 15. b3 Nf6 16.
a3 Qd7 17. f3 Na6 18. Kf2 Nh7 19. Qc2 Rfc8 20. Qb2 Bf8 21. b4 axb4 22. axb4 f6
23. Ra2 Rcb8 24. Rha1 Qc8 25. Bd1 Be7 26. Ba4 Nf8 27. Bb5 Kf7 28. Ra4 Nxb4 29.
Qxb4 Rxa4 30. Rxa4 Ra8 31. Rxa8 Qxa8 32. Qa4 Qxa4 33. Bxa4 Bd8 34. Nf1 Ba6 35.
Bb5 Bc8 36. Ng3 Be7 37. Ke2 Bd8 38. Bc6 Be7 39. Kd3 Bd8 40. Kc2 Be7 41. Kb3 Nd7
42. Nb5 Nc5+ 43. Bxc5 bxc5 44. Nxc7 Bf8 45. Ka4 Ke7 46. Kb5 Kd8 47. Kb6 Ke7 48.
Nb5 Kd8 49. Na7 Be7 50. Bb5 Bd7 51. Bxd7 Kxd7 52. Kb7 Bf8 53. Nf5 1-0

[Event "Int. Stuttgarter Stadtmeisterschaft A"]
[Site "Ditzingen"]
[Date "2013.05.09"]
[Round "2.30"]
[White "Lorenz, Michael"]
[Black "Montigel, Philipp"]
[Result "1/2-1/2"]
[WhiteElo "1950"]
[BlackElo "2144"]
[PlyCount "46"]
[EventDate "2013.??.??"]
[WhiteTeam "SG Rochade Kuppenheim 1979 e.V."]
[BlackTeam "SV Stuttgart-Wolfbusch 1956 e.V."]

1. c4 f5 2. g3 Nf6 3. Bg2 g6 4. Nc3 Bg7 5. d3 O-O 6. e4 fxe4 7. dxe4 d6 8. Nge2
c5 9. O-O Nc6 10. h3 a6 11. Be3 Rb8 12. a4 e5 13. Rb1 Be6 14. b3 Qd7 15. Kh2
Ne8 16. Qd2 Nc7 17. Nd5 b5 18. axb5 axb5 19. Rfd1 Nd4 20. Nxd4 cxd4 21. Bg5
Bxd5 22. cxd5 Ra8 23. Ra1 Ra6 1/2-1/2